00280cam a22001097a 4500008004000000082001500040100001400055245003400069260003200103300001400135650002100149180718b1988 xxu||||| |||| 00| 0 eng d aB2 R211/88 aRay, Amal aPolitical theorycby Amal Ray aCalcuttabWorld Pressc1988 axiv, 622p aPolitical theory